Normal view
MARC view
Entry Personal Name
001 - CONTROL NUMBER
- control field: 1658
003 - CONTROL NUMBER IDENTIFIER
- control field: TR-AnCHP
005 - DATE AND TIME OF LATEST TRANSACTION
- control field: 20190110165450.0
008 - FIXED-LENGTH DATA ELEMENTS
- fixed length control field: 1901101016n|cannaabn |n|d ||
040 ## - CATALOGING SOURCE
- Original cataloging agency: TR-AnCHP
100 10 - HEADING--PERSONAL NAME
- Personal name: Karay, Refik Halid
- Dates associated with a name: 1888-1965
670 ## - SOURCE DATA FOUND
- Source citation: Karay, Refik Halid1888-1965.
- Information found: Ağaç ve ahlakMemleket yazıları-8Refik Halid Karay
